[Event "DVM U16w 2021"]
[Site "Berlin GER"]
[Date "2022.05.03"]
[Round "7"]
[White "Gietzelt, Magdalena"]
[Black "Brandt, Greta"]
[Result "1-0"]
[Termination "normal"]
[Board "2.4"]
[WhiteElo "1014"]
[BlackElo "1458"]
[WhiteClock "00:55:19"]
[BlackClock "00:53:09"]
[WhiteTeam "Karlsruher SF 1853"]
[BlackTeam "Schachgemeinschaft Porz e. V. 1"]
[PlyCount "67"]
[WhiteFideId "16298403"]
[BlackFideId "34605860"]
[EventCountry "GER"]
[EventRounds "7"]
[EventType "team-swiss"]
[EventDate "2022.04.29"]

1. e4 {[%clk 1:30:58]} e6 {[%clk 1:30:51]} 2. d4 {[%clk 1:31:22]} d5 {[%clk
1:31:15]} 3. Nd2 {[%clk 1:31:36]} Nc6 {[%clk 1:31:37]} 4. c3 {[%clk 1:30:42]}
e5 {[%clk 1:31:55]} 5. exd5 {[%clk 1:30:31]} Qxd5 {[%clk 1:32:16]} 6. Ngf3
{[%clk 1:30:43]} exd4 {[%clk 1:32:07]} 7. Bc4 {[%clk 1:30:42]} Qh5 {[%clk
1:31:46]} 8. h3 {[%clk 1:30:07]} dxc3 {[%clk 1:30:05]} 9. bxc3 {[%clk 1:25:19]}
Be7 {[%clk 1:19:38]} 10. Qe2 {[%clk 1:24:21]} Qg6 {[%clk 1:11:32]} 11. Nh4
{[%clk 1:22:31]} Qf6 {[%clk 1:10:06]} 12. Nhf3 {[%clk 1:17:08]} Na5 {[%clk
1:03:38]} 13. Ne4 {[%clk 1:14:43]} Qf5 {[%clk 1:00:28]} 14. O-O {[%clk
1:13:05]} Nxc4 {[%clk 0:57:44]} 15. Re1 {[%clk 1:08:37]} Qe6 {[%clk 0:54:35]}
16. Bf4 {[%clk 1:01:10]} Nd6 {[%clk 0:52:48]} 17. Nfg5 {[%clk 0:56:59]} Bxg5
{[%clk 0:52:02]} 18. Nxd6+ {[%clk 0:56:43]} cxd6 {[%clk 0:52:21]} 19. Qb5+
{[%clk 0:56:43]} Bd7 {[%clk 0:51:40]} 20. Rxe6+ {[%clk 0:56:59]} fxe6 {[%clk
0:52:01]} 21. Qxb7 {[%clk 0:56:53]} Rc8 {[%clk 0:51:35]} 22. Bxg5 {[%clk
0:57:00]} Rxc3 {[%clk 0:51:24]} 23. Qb8+ {[%clk 0:56:54]} Rc8 {[%clk 0:51:39]}
24. Qxd6 {[%clk 0:56:57]} Nf6 {[%clk 0:51:49]} 25. Rd1 {[%clk 0:56:31]} Rd8
{[%clk 0:51:56]} 26. Bxf6 {[%clk 0:53:44]} gxf6 {[%clk 0:52:20]} 27. Qc7 {[%clk
0:53:27]} a6 {[%clk 0:51:51]} 28. Rxd7 {[%clk 0:53:22]} Rxd7 {[%clk 0:52:06]}
29. Qc8+ {[%clk 0:53:42]} Rd8 {[%clk 0:52:31]} 30. Qxe6+ {[%clk 0:54:04]} Kf8
{[%clk 0:52:25]} 31. Qxf6+ {[%clk 0:54:29]} Ke8 {[%clk 0:52:27]} 32. Qxh8+
{[%clk 0:54:55]} Kd7 {[%clk 0:52:46]} 33. Qxh7+ {[%clk 0:55:19]} Kc8 {[%clk
0:53:09]} 34. Qa7 {[%clk 0:55:19]} 1-0

[Event "DVM U16w 2021"]
[Site "Berlin GER"]
[Date "2022.05.03"]
[Round "7"]
[White "Reddi, Bhuvana"]
[Black "Glowiak, Alexandra"]
[Result "1/2-1/2"]
[Termination "normal"]
[Board "3.1"]
[WhiteElo "1404"]
[BlackElo "1496"]
[WhiteClock "00:30:00"]
[BlackClock "00:21:45"]
[WhiteTeam "SC Weisse Dame e.V."]
[BlackTeam "Chemnitzer SC Aufbau95"]
[PlyCount "55"]
[WhiteFideId "16287002"]
[BlackFideId "16259530"]
[EventCountry "GER"]
[EventRounds "7"]
[EventType "team-swiss"]
[EventDate "2022.04.29"]

1. e4 {[%clk 1:30:46]} e5 {[%clk 1:30:40]} 2. Nf3 {[%clk 1:31:09]} Nc6 {[%clk
1:31:04]} 3. Bb5 {[%clk 1:31:36]} a6 {[%clk 1:31:28]} 4. Ba4 {[%clk 1:32:03]}
Nf6 {[%clk 1:31:50]} 5. O-O {[%clk 1:32:25]} Be7 {[%clk 1:32:16]} 6. Qe2 {[%clk
1:32:46]} b5 {[%clk 1:32:29]} 7. Bb3 {[%clk 1:33:10]} O-O {[%clk 1:32:15]} 8.
d4 {[%clk 1:33:21]} d6 {[%clk 1:31:05]} 9. dxe5 {[%clk 1:07:32]} dxe5 {[%clk
1:29:48]} 10. Rd1 {[%clk 1:07:53]} Qe8 {[%clk 1:24:58]} 11. h3 {[%clk 1:07:07]}
Na5 {[%clk 1:21:36]} 12. Bd5 {[%clk 1:03:57]} c6 {[%clk 1:21:06]} 13. Bb3
{[%clk 1:04:09]} Nxb3 {[%clk 1:20:12]} 14. axb3 {[%clk 1:04:32]} Bc5 {[%clk
1:17:35]} 15. Nbd2 {[%clk 0:55:44]} h6 {[%clk 1:02:06]} 16. Nf1 {[%clk
0:55:22]} Nh5 {[%clk 0:59:30]} 17. Be3 {[%clk 0:50:50]} Nf4 {[%clk 0:55:44]}
18. Qd2 {[%clk 0:49:42]} Bxe3 {[%clk 0:37:46]} 19. Qxe3 {[%clk 0:50:00]} f6
{[%clk 0:36:34]} 20. Ng3 {[%clk 0:48:14]} g5 {[%clk 0:34:51]} 21. Rd6 {[%clk
0:45:41]} h5 {[%clk 0:33:20]} 22. Rad1 {[%clk 0:37:16]} g4 {[%clk 0:30:53]} 23.
hxg4 {[%clk 0:37:12]} Bxg4 {[%clk 0:31:07]} 24. Ne2 {[%clk 0:33:22]} Nxe2+
{[%clk 0:29:10]} 25. Qxe2 {[%clk 0:33:45]} Ra7 {[%clk 0:28:25]} 26. Qe3 {[%clk
0:32:40]} Rg7 {[%clk 0:27:53]} 27. R1d2 {[%clk 0:32:31]} Kh7 {[%clk 0:21:45]}
28. Nh4 {[%clk 0:30:00]} 1/2-1/2

[Event "DVM U16w 2021"]
[Site "Berlin GER"]
[Date "2022.05.03"]
[Round "7"]
[White "Czäczine, Paula"]
[Black "Fayngold, Sophie"]
[Result "0-1"]
[Termination "normal"]
[Board "3.2"]
[WhiteElo "1127"]
[BlackElo "1222"]
[WhiteClock "00:11:17"]
[BlackClock "00:09:24"]
[WhiteTeam "Chemnitzer SC Aufbau95"]
[BlackTeam "SC Weisse Dame e.V."]
[PlyCount "88"]
[WhiteFideId "16249305"]
[BlackFideId "16244761"]
[EventCountry "GER"]
[EventRounds "7"]
[EventType "team-swiss"]
[EventDate "2022.04.29"]

1. e4 {[%clk 1:30:57]} e5 {[%clk 1:30:56]} 2. Nf3 {[%clk 1:31:22]} Nc6 {[%clk
1:31:22]} 3. d4 {[%clk 1:31:47]} exd4 {[%clk 1:31:47]} 4. Nxd4 {[%clk 1:32:11]}
Bc5 {[%clk 1:32:10]} 5. Be3 {[%clk 1:32:34]} Qf6 {[%clk 1:32:14]} 6. c3 {[%clk
1:32:56]} d6 {[%clk 1:31:05]} 7. Be2 {[%clk 1:33:15]} Bd7 {[%clk 1:30:45]} 8.
O-O {[%clk 1:32:48]} g6 {[%clk 1:25:43]} 9. Kh1 {[%clk 1:25:38]} Nge7 {[%clk
1:22:05]} 10. f4 {[%clk 1:20:25]} Qg7 {[%clk 1:18:59]} 11. a4 {[%clk 1:14:59]}
f5 {[%clk 1:16:10]} 12. Qd3 {[%clk 0:55:43]} O-O-O {[%clk 1:13:37]} 13. Nd2
{[%clk 0:49:12]} Rhe8 {[%clk 1:08:41]} 14. N4b3 {[%clk 0:39:08]} Bxe3 {[%clk
1:05:33]} 15. Qxe3 {[%clk 0:39:30]} fxe4 {[%clk 1:02:07]} 16. Qxe4 {[%clk
0:37:49]} Nf5 {[%clk 0:57:47]} 17. Qf3 {[%clk 0:36:16]} Re3 {[%clk 0:47:32]}
18. Qf2 {[%clk 0:36:30]} Qh6 {[%clk 0:44:40]} 19. Kg1 {[%clk 0:32:53]} Rde8
{[%clk 0:43:54]} 20. Rae1 {[%clk 0:30:56]} Qh4 {[%clk 0:41:19]} 21. Qxh4 {[%clk
0:27:17]} Nxh4 {[%clk 0:41:36]} 22. Kf2 {[%clk 0:27:09]} Nxg2 {[%clk 0:40:21]}
23. Kxg2 {[%clk 0:26:12]} Rxe2+ {[%clk 0:39:41]} 24. Rxe2 {[%clk 0:26:36]}
Rxe2+ {[%clk 0:40:05]} 25. Rf2 {[%clk 0:26:59]} Rxf2+ {[%clk 0:35:09]} 26. Kxf2
{[%clk 0:27:22]} Ne7 {[%clk 0:33:58]} 27. Ke3 {[%clk 0:25:24]} Bxa4 {[%clk
0:33:04]} 28. Kd4 {[%clk 0:24:47]} Kd7 {[%clk 0:31:26]} 29. Na5 {[%clk
0:20:39]} Nc6+ {[%clk 0:29:33]} 30. Nxc6 {[%clk 0:21:01]} Bxc6 {[%clk 0:30:00]}
31. Nc4 {[%clk 0:18:52]} Bf3 {[%clk 0:25:56]} 32. Ne3 {[%clk 0:17:28]} Kc6
{[%clk 0:25:02]} 33. f5 {[%clk 0:16:42]} gxf5 {[%clk 0:21:40]} 34. Nxf5 {[%clk
0:17:04]} Kb5 {[%clk 0:20:16]} 35. Ke3 {[%clk 0:14:19]} Bh5 {[%clk 0:17:34]}
36. Ng3 {[%clk 0:12:47]} Bg6 {[%clk 0:17:29]} 37. h4 {[%clk 0:12:26]} Kc4
{[%clk 0:15:55]} 38. Kd2 {[%clk 0:12:35]} Kb3 {[%clk 0:15:24]} 39. Kc1 {[%clk
0:12:58]} a5 {[%clk 0:14:58]} 40. h5 {[%clk 0:12:57]} Bd3 {[%clk 0:13:44]} 41.
h6 {[%clk 0:12:27]} c5 {[%clk 0:10:29]} 42. Nh5 {[%clk 0:11:57]} c4 {[%clk
0:10:02]} 43. Nf4 {[%clk 0:11:56]} b5 {[%clk 0:09:24]} 44. Nd5 {[%clk 0:11:17]}
Be4 0-1

[Event "DVM U16w 2021"]
[Site "Berlin GER"]
[Date "2022.05.03"]
[Round "7"]
[White "Grigoryan, Nare"]
[Black "Czäczine, Laura"]
[Result "1-0"]
[Termination "normal"]
[Board "3.3"]
[WhiteElo "1363"]
[BlackElo "1358"]
[WhiteClock "00:09:46"]
[BlackClock "00:17:32"]
[WhiteTeam "SC Weisse Dame e.V."]
[BlackTeam "Chemnitzer SC Aufbau95"]
[PlyCount "71"]
[WhiteFideId "34620702"]
[BlackFideId "16211448"]
[EventCountry "GER"]
[EventRounds "7"]
[EventType "team-swiss"]
[EventDate "2022.04.29"]

1. e4 {[%clk 1:30:58]} e5 {[%clk 1:30:55]} 2. Nf3 {[%clk 1:31:23]} Nc6 {[%clk
1:31:20]} 3. d4 {[%clk 1:31:48]} exd4 {[%clk 1:31:44]} 4. Nxd4 {[%clk 1:32:13]}
Nf6 {[%clk 1:32:05]} 5. Nc3 {[%clk 1:32:37]} Bb4 {[%clk 1:32:14]} 6. Nxc6
{[%clk 1:32:58]} bxc6 {[%clk 1:32:38]} 7. Bd3 {[%clk 1:33:23]} d5 {[%clk
1:32:32]} 8. exd5 {[%clk 1:33:43]} cxd5 {[%clk 1:32:56]} 9. O-O {[%clk
1:34:01]} O-O {[%clk 1:32:53]} 10. Bg5 {[%clk 1:34:10]} c6 {[%clk 1:32:53]} 11.
Qf3 {[%clk 1:32:58]} Rb8 {[%clk 1:32:47]} 12. a3 {[%clk 1:29:30]} Bd6 {[%clk
1:32:45]} 13. Rab1 {[%clk 1:26:08]} Be6 {[%clk 1:28:19]} 14. Rfe1 {[%clk
1:20:04]} Re8 {[%clk 1:25:46]} 15. Ne2 {[%clk 1:14:29]} Bc7 {[%clk 1:21:36]}
16. h3 {[%clk 1:09:44]} Qd6 {[%clk 1:14:40]} 17. Bf4 {[%clk 1:07:21]} Qd7
{[%clk 1:14:40]} 18. Bd2 {[%clk 0:57:09]} c5 {[%clk 1:11:30]} 19. Ng3 {[%clk
0:48:03]} c4 {[%clk 1:09:40]} 20. Bf5 {[%clk 0:40:38]} Bxg3 {[%clk 1:08:52]}
21. Bxe6 {[%clk 0:40:51]} Bxf2+ {[%clk 1:09:07]} 22. Qxf2 {[%clk 0:40:50]} Rxe6
{[%clk 1:08:55]} 23. Red1 {[%clk 0:39:08]} Rbe8 {[%clk 1:07:01]} 24. Re1 {[%clk
0:34:29]} Ne4 {[%clk 1:05:22]} 25. Qd4 {[%clk 0:28:05]} Rg6 {[%clk 0:59:38]}
26. Re3 {[%clk 0:22:55]} Ree6 {[%clk 0:49:35]} 27. Rbe1 {[%clk 0:21:50]} Qd6
{[%clk 0:39:43]} 28. Bb4 {[%clk 0:20:24]} Qf4 {[%clk 0:31:30]} 29. R3e2 {[%clk
0:13:43]} h6 {[%clk 0:28:01]} 30. Qxd5 {[%clk 0:09:57]} Rg5 {[%clk 0:23:40]}
31. Qxc4 {[%clk 0:09:37]} Qg3 {[%clk 0:18:53]} 32. Qd3 {[%clk 0:09:26]} Qg4
{[%clk 0:16:56]} 33. hxg4 {[%clk 0:08:56]} Rxg4 {[%clk 0:16:56]} 34. Rxe4
{[%clk 0:09:07]} Rgxe4 {[%clk 0:17:05]} 35. Rxe4 {[%clk 0:09:29]} Rxe4 {[%clk
0:17:32]} 36. Qxe4 {[%clk 0:09:46]} 1-0

[Event "DVM U16w 2021"]
[Site "Berlin GER"]
[Date "2022.05.03"]
[Round "7"]
[White "Brewig, Bea Josephine"]
[Black "Bauer, Sophia"]
[Result "1/2-1/2"]
[Termination "normal"]
[Board "3.4"]
[WhiteElo "1152"]
[BlackElo "1139"]
[WhiteClock "00:38:07"]
[BlackClock "01:12:42"]
[WhiteTeam "Chemnitzer SC Aufbau95"]
[BlackTeam "SC Weisse Dame e.V."]
[PlyCount "56"]
[WhiteFideId "16249313"]
[BlackFideId "34620583"]
[EventCountry "GER"]
[EventRounds "7"]
[EventType "team-swiss"]
[EventDate "2022.04.29"]

1. e4 {[%clk 1:30:57]} e5 {[%clk 1:30:56]} 2. Nf3 {[%clk 1:31:20]} Nc6 {[%clk
1:31:20]} 3. d4 {[%clk 1:31:44]} exd4 {[%clk 1:31:47]} 4. c3 {[%clk 1:32:08]}
Nf6 {[%clk 1:30:15]} 5. Bd3 {[%clk 1:28:46]} Bc5 {[%clk 1:28:07]} 6. O-O {[%clk
1:18:59]} O-O {[%clk 1:26:43]} 7. e5 {[%clk 1:05:54]} Nd5 {[%clk 1:22:31]} 8.
cxd4 {[%clk 0:58:00]} Nxd4 {[%clk 1:22:36]} 9. Nxd4 {[%clk 0:58:16]} Bxd4
{[%clk 1:23:01]} 10. Bc4 {[%clk 0:58:37]} Qh4 {[%clk 1:19:51]} 11. Bxd5 {[%clk
0:58:03]} Bxe5 {[%clk 1:20:13]} 12. g3 {[%clk 0:57:53]} Qf6 {[%clk 1:19:54]}
13. Qf3 {[%clk 0:56:59]} Bxb2 {[%clk 1:18:32]} 14. Bxb2 {[%clk 0:57:16]} Qxb2
{[%clk 1:18:51]} 15. Nc3 {[%clk 0:57:38]} c6 {[%clk 1:18:16]} 16. Rab1 {[%clk
0:56:29]} Qd2 {[%clk 1:17:12]} 17. Bb3 {[%clk 0:54:52]} d5 {[%clk 1:16:37]} 18.
Rfe1 {[%clk 0:45:58]} Be6 {[%clk 1:16:08]} 19. Rbd1 {[%clk 0:45:17]} Qg5 {[%clk
1:16:09]} 20. Qd3 {[%clk 0:44:36]} Rfe8 {[%clk 1:14:25]} 21. Bc2 {[%clk
0:41:36]} g6 {[%clk 1:14:24]} 22. Qd4 {[%clk 0:38:13]} Bg4 {[%clk 1:13:22]} 23.
Rxe8+ {[%clk 0:37:25]} Rxe8 {[%clk 1:13:45]} 24. Rf1 {[%clk 0:37:30]} Bh3
{[%clk 1:13:10]} 25. Rd1 {[%clk 0:37:04]} Bg4 {[%clk 1:12:52]} 26. Rf1 {[%clk
0:37:22]} Bh3 {[%clk 1:13:08]} 27. Rd1 {[%clk 0:37:45]} Bg4 {[%clk 1:12:37]}
28. Rf1 {[%clk 0:38:07]} Bh3 {[%clk 1:12:42]} 1/2-1/2

[Event "DVM U16w 2021"]
[Site "Berlin GER"]
[Date "2022.05.03"]
[Round "7"]
[White "Pikki, Daria"]
[Black "Hubert, Charlotte"]
[Result "1/2-1/2"]
[Termination "normal"]
[Board "4.1"]
[WhiteElo "1523"]
[BlackElo "1692"]
[WhiteClock "00:47:23"]
[BlackClock "00:25:24"]
[WhiteTeam "SV Königsjäger Süd-West e.V."]
[BlackTeam "Hamburger SK von 1830 eV"]
[PlyCount "85"]
[WhiteFideId "16281306"]
[BlackFideId "16265920"]
[EventCountry "GER"]
[EventRounds "7"]
[EventType "team-swiss"]
[EventDate "2022.04.29"]

1. d4 {[%clk 1:30:58]} Nf6 {[%clk 1:30:49]} 2. c4 {[%clk 1:31:23]} e6 {[%clk
1:31:11]} 3. Nc3 {[%clk 1:31:48]} Bb4 {[%clk 1:31:34]} 4. e3 {[%clk 1:31:57]}
b6 {[%clk 1:31:28]} 5. Nge2 {[%clk 1:31:07]} Bb7 {[%clk 1:25:36]} 6. Qc2 {[%clk
1:27:17]} O-O {[%clk 1:18:10]} 7. Nf4 {[%clk 1:25:08]} Ne4 {[%clk 1:09:59]} 8.
Bd3 {[%clk 1:21:14]} f5 {[%clk 1:09:38]} 9. O-O {[%clk 1:19:58]} Bxc3 {[%clk
0:51:13]} 10. bxc3 {[%clk 1:18:43]} Qe8 {[%clk 0:46:49]} 11. Ba3 {[%clk
1:11:18]} c5 {[%clk 0:32:45]} 12. Rab1 {[%clk 1:08:31]} Qc8 {[%clk 0:29:33]}
13. f3 {[%clk 1:06:35]} Nf6 {[%clk 0:28:51]} 14. Qb3 {[%clk 1:05:30]} Na6
{[%clk 0:27:43]} 15. d5 {[%clk 1:01:46]} e5 {[%clk 0:26:37]} 16. Nh3 {[%clk
1:01:10]} g6 {[%clk 0:24:06]} 17. e4 {[%clk 0:59:43]} fxe4 {[%clk 0:21:58]} 18.
fxe4 {[%clk 0:59:22]} Rb8 {[%clk 0:19:17]} 19. Bc1 {[%clk 0:58:00]} Kg7 {[%clk
0:16:49]} 20. Qd1 {[%clk 0:56:19]} Nc7 {[%clk 0:14:38]} 21. Qd2 {[%clk
0:55:08]} Ng8 {[%clk 0:13:34]} 22. Nf2 {[%clk 0:53:53]} d6 {[%clk 0:10:47]} 23.
Qg5 {[%clk 0:52:49]} Qd8 {[%clk 0:10:09]} 24. Qg3 {[%clk 0:52:02]} Bc8 {[%clk
0:09:15]} 25. h4 {[%clk 0:49:58]} Ne8 {[%clk 0:05:53]} 26. h5 {[%clk 0:48:36]}
Nef6 {[%clk 0:05:35]} 27. Be2 {[%clk 0:47:57]} Qe8 {[%clk 0:05:19]} 28. Nh3
{[%clk 0:42:46]} Nxe4 {[%clk 0:02:32]} 29. Qe3 {[%clk 0:36:01]} Nef6 {[%clk
0:01:57]} 30. hxg6 {[%clk 0:35:41]} hxg6 {[%clk 0:01:38]} 31. Ng5 {[%clk
0:34:19]} Nh7 {[%clk 0:01:12]} 32. Ne4 {[%clk 0:32:52]} Rxf1+ {[%clk 0:01:28]}
33. Bxf1 {[%clk 0:33:04]} Qe7 {[%clk 0:01:42]} 34. Rb2 {[%clk 0:31:43]} Bf5
{[%clk 0:01:28]} 35. Ng3 {[%clk 0:30:41]} Bd7 {[%clk 0:01:24]} 36. Rf2 {[%clk
0:29:42]} Rf8 {[%clk 0:01:40]} 37. Re2 {[%clk 0:28:12]} Qf6 {[%clk 0:01:41]}
38. Re1 {[%clk 0:27:27]} Qe7 {[%clk 0:01:13]} 39. Ne4 {[%clk 0:26:51]} Bf5
{[%clk 0:01:24]} 40. Ng3 {[%clk 0:27:00]} Bd7 {[%clk 0:01:46]} 41. Ne4 {[%clk
0:27:03]} Bf5 {[%clk 0:27:11]} 42. Ng3 {[%clk 0:51:01]} Bd7 {[%clk 0:25:24]}
43. Ne4 {[%clk 0:47:23]} 1/2-1/2

[Event "DVM U16w 2021"]
[Site "Berlin GER"]
[Date "2022.05.03"]
[Round "7"]
[White "Wu, Yvonne Yihan"]
[Black "Sohr, Luna"]
[Result "1-0"]
[Termination "normal"]
[Board "4.2"]
[WhiteElo "1263"]
[BlackElo "1335"]
[WhiteClock "00:06:41"]
[BlackClock "00:01:35"]
[WhiteTeam "Hamburger SK von 1830 eV"]
[BlackTeam "SV Königsjäger Süd-West e.V."]
[PlyCount "55"]
[WhiteFideId "16298330"]
[BlackFideId "16251261"]
[EventCountry "GER"]
[EventRounds "7"]
[EventType "team-swiss"]
[EventDate "2022.04.29"]

1. e4 {[%clk 1:30:58]} e5 {[%clk 1:30:56]} 2. Nf3 {[%clk 1:31:25]} Nc6 {[%clk
1:31:21]} 3. Bc4 {[%clk 1:31:52]} Bc5 {[%clk 1:31:47]} 4. c3 {[%clk 1:32:18]}
Nf6 {[%clk 1:32:01]} 5. d3 {[%clk 1:32:38]} d6 {[%clk 1:31:56]} 6. Nbd2 {[%clk
1:31:19]} a6 {[%clk 1:28:45]} 7. a4 {[%clk 1:29:43]} Ba7 {[%clk 1:26:49]} 8.
O-O {[%clk 1:22:53]} h6 {[%clk 1:22:30]} 9. Re1 {[%clk 1:22:08]} O-O {[%clk
1:19:42]} 10. Nf1 {[%clk 1:14:18]} Ne7 {[%clk 1:10:08]} 11. Bb3 {[%clk
1:02:06]} Ng6 {[%clk 1:06:54]} 12. Ng3 {[%clk 0:56:31]} Ng4 {[%clk 0:55:20]}
13. d4 {[%clk 0:49:24]} Re8 {[%clk 0:37:34]} 14. h3 {[%clk 0:46:31]} Nf6 {[%clk
0:37:47]} 15. Be3 {[%clk 0:32:44]} c6 {[%clk 0:29:19]} 16. dxe5 {[%clk
0:26:50]} Bxe3 {[%clk 0:25:32]} 17. exf6 {[%clk 0:21:44]} Ba7 {[%clk 0:22:42]}
18. fxg7 {[%clk 0:21:21]} Kxg7 {[%clk 0:21:41]} 19. Nh5+ {[%clk 0:20:21]} Kh7
{[%clk 0:13:44]} 20. Bxf7 {[%clk 0:19:53]} Rf8 {[%clk 0:12:35]} 21. Bxg6+
{[%clk 0:19:34]} Kxg6 {[%clk 0:12:43]} 22. Ng3 {[%clk 0:18:49]} Qf6 {[%clk
0:07:02]} 23. Qd2 {[%clk 0:13:54]} Bxh3 {[%clk 0:05:28]} 24. Qd3 {[%clk
0:08:19]} Qf4 {[%clk 0:02:30]} 25. e5+ {[%clk 0:08:08]} Kf7 {[%clk 0:02:03]}
26. Qh7+ {[%clk 0:07:12]} Ke6 {[%clk 0:01:39]} 27. exd6+ {[%clk 0:06:50]} Kxd6
{[%clk 0:01:35]} 28. Rad1+ {[%clk 0:06:41]} 1-0

[Event "DVM U16w 2021"]
[Site "Berlin GER"]
[Date "2022.05.03"]
[Round "7"]
[White "Schmidt, Luise"]
[Black "Modali, Nikhilamrutha"]
[Result "1/2-1/2"]
[Termination "normal"]
[Board "4.3"]
[WhiteElo "1420"]
[BlackElo "1262"]
[WhiteClock "00:05:24"]
[BlackClock "00:21:04"]
[WhiteTeam "SV Königsjäger Süd-West e.V."]
[BlackTeam "Hamburger SK von 1830 eV"]
[PlyCount "51"]
[WhiteFideId "16294475"]
[BlackFideId "16282370"]
[EventCountry "GER"]
[EventRounds "7"]
[EventType "team-swiss"]
[EventDate "2022.04.29"]

1. e4 {[%clk 1:30:59]} c5 {[%clk 1:30:55]} 2. Nf3 {[%clk 1:31:26]} e6 {[%clk
1:31:19]} 3. c3 {[%clk 1:24:07]} Nf6 {[%clk 1:31:23]} 4. e5 {[%clk 1:22:11]}
Nd5 {[%clk 1:31:35]} 5. d4 {[%clk 1:22:26]} cxd4 {[%clk 1:31:52]} 6. cxd4
{[%clk 1:22:32]} d6 {[%clk 1:31:48]} 7. Bc4 {[%clk 1:14:10]} Be7 {[%clk
1:31:24]} 8. O-O {[%clk 1:14:14]} O-O {[%clk 1:28:53]} 9. a3 {[%clk 1:06:32]}
b6 {[%clk 1:27:36]} 10. Qd3 {[%clk 1:05:36]} Nc6 {[%clk 1:17:48]} 11. Nc3
{[%clk 0:55:27]} Nxc3 {[%clk 1:10:06]} 12. Qxc3 {[%clk 0:55:49]} dxe5 {[%clk
1:10:13]} 13. dxe5 {[%clk 0:54:13]} Bb7 {[%clk 1:07:52]} 14. Be3 {[%clk
0:48:18]} Rc8 {[%clk 1:06:30]} 15. Rfd1 {[%clk 0:46:05]} Qc7 {[%clk 1:06:02]}
16. Rac1 {[%clk 0:40:17]} Na5 {[%clk 1:04:30]} 17. Nd2 {[%clk 0:35:40]} a6
{[%clk 1:01:04]} 18. Qd4 {[%clk 0:25:27]} Qc6 {[%clk 0:58:03]} 19. Bf1 {[%clk
0:24:40]} Bc5 {[%clk 0:51:30]} 20. Qf4 {[%clk 0:23:46]} Rfd8 {[%clk 0:43:35]}
21. Bxc5 {[%clk 0:23:03]} bxc5 {[%clk 0:43:39]} 22. Nc4 {[%clk 0:20:39]} Nxc4
{[%clk 0:38:45]} 23. Qxc4 {[%clk 0:19:55]} Rd5 {[%clk 0:32:27]} 24. Qh4 {[%clk
0:15:15]} h6 {[%clk 0:24:38]} 25. Qf4 {[%clk 0:05:28]} Rcd8 {[%clk 0:21:04]}
26. Rxd5 {[%clk 0:05:24]} 1/2-1/2

[Event "DVM U16w 2021"]
[Site "Berlin GER"]
[Date "2022.05.03"]
[Round "7"]
[White "Einacker, Anika"]
[Black "Altuve Medina, Victoria Isabella"]
[Result "1/2-1/2"]
[Termination "normal"]
[Board "4.4"]
[WhiteElo "1187"]
[BlackElo "1221"]
[WhiteClock "00:22:33"]
[BlackClock "00:32:58"]
[WhiteTeam "Hamburger SK von 1830 eV"]
[BlackTeam "SV Königsjäger Süd-West e.V."]
[PlyCount "95"]
[WhiteFideId "34620591"]
[BlackFideId "3935639"]
[EventCountry "GER"]
[EventRounds "7"]
[EventType "team-swiss"]
[EventDate "2022.04.29"]

1. e4 {[%clk 1:30:57]} e5 {[%clk 1:30:51]} 2. Nf3 {[%clk 1:31:20]} Nc6 {[%clk
1:31:10]} 3. Bc4 {[%clk 1:31:33]} Nf6 {[%clk 1:31:28]} 4. d3 {[%clk 1:30:25]}
Be7 {[%clk 1:31:13]} 5. O-O {[%clk 1:29:54]} d6 {[%clk 1:27:50]} 6. Nbd2 {[%clk
1:25:32]} O-O {[%clk 1:17:35]} 7. h3 {[%clk 1:17:36]} h6 {[%clk 1:13:49]} 8.
Re1 {[%clk 1:16:56]} Be6 {[%clk 1:13:37]} 9. c3 {[%clk 1:14:37]} Nh7 {[%clk
0:52:09]} 10. Bxe6 {[%clk 1:08:02]} fxe6 {[%clk 0:52:33]} 11. Qb3 {[%clk
1:06:55]} Qc8 {[%clk 0:52:38]} 12. Nc4 {[%clk 0:57:51]} Rb8 {[%clk 0:51:20]}
13. a4 {[%clk 0:47:01]} Qe8 {[%clk 0:47:50]} 14. d4 {[%clk 0:40:37]} Qg6 {[%clk
0:44:11]} 15. Qd1 {[%clk 0:35:20]} exd4 {[%clk 0:41:29]} 16. cxd4 {[%clk
0:33:42]} Nd8 {[%clk 0:35:39]} 17. Nh2 {[%clk 0:28:33]} Bh4 {[%clk 0:26:09]}
18. Re2 {[%clk 0:24:27]} Bg5 {[%clk 0:22:44]} 19. Bxg5 {[%clk 0:21:30]} Nxg5
{[%clk 0:22:55]} 20. Qd3 {[%clk 0:19:39]} d5 {[%clk 0:15:50]} 21. Ne5 {[%clk
0:16:23]} dxe4 {[%clk 0:15:19]} 22. Qg3 {[%clk 0:15:28]} Qe8 {[%clk 0:12:35]}
23. h4 {[%clk 0:14:29]} Nh7 {[%clk 0:12:33]} 24. Rxe4 {[%clk 0:14:03]} Nf6
{[%clk 0:10:49]} 25. Ree1 {[%clk 0:11:43]} Nc6 {[%clk 0:09:55]} 26. Nhf3 {[%clk
0:10:52]} Rd8 {[%clk 0:09:13]} 27. Rad1 {[%clk 0:09:57]} Nxe5 {[%clk 0:07:54]}
28. dxe5 {[%clk 0:05:47]} Rxd1 {[%clk 0:07:22]} 29. Rxd1 {[%clk 0:06:13]} Qxa4
{[%clk 0:07:06]} 30. Rd4 {[%clk 0:04:56]} Qa1+ {[%clk 0:06:31]} 31. Kh2 {[%clk
0:05:21]} Ne8 {[%clk 0:06:09]} 32. Rd7 Qxb2 {[%clk 0:06:14]} 33. Qg6 {[%clk
0:04:21]} Qb5 {[%clk 0:03:52]} 34. Qxe6+ {[%clk 0:04:05]} Kh8 {[%clk 0:04:03]}
35. Nd4 {[%clk 0:01:59]} Qb6 {[%clk 0:03:30]} 36. Qxb6 {[%clk 0:01:32]} axb6
{[%clk 0:03:43]} 37. Kg3 {[%clk 0:01:11]} Kg8 {[%clk 0:02:59]} 38. Ne6 {[%clk
0:01:17]} Rf7 {[%clk 0:03:11]} 39. Rd8 {[%clk 0:01:23]} Re7 {[%clk 0:03:27]}
40. Nxc7 {[%clk 0:01:12]} Rxc7 {[%clk 0:03:41]} 41. Rxe8+ {[%clk 0:01:30]} Kf7
{[%clk 0:04:03]} 42. Rb8 {[%clk 0:29:26]} b5 {[%clk 0:34:26]} 43. f4 {[%clk
0:29:12]} b4 {[%clk 0:34:01]} 44. Rd8 {[%clk 0:24:51]} b3 {[%clk 0:34:22]} 45.
Rd4 {[%clk 0:24:13]} h5 {[%clk 0:33:45]} 46. Rb4 {[%clk 0:23:43]} Kg6 {[%clk
0:33:16]} 47. Rxb3 {[%clk 0:22:49]} Kf5 {[%clk 0:32:58]} 48. Kf3 {[%clk
0:22:33]} 1/2-1/2